000
00331nam a2200145Ia 4500
008
150201s2013 xx 000 0 und d
082
_a
150
_b
P13S
100
_a
SREEVANI , R.
245
_a
PSYCHOLOGY FOR NURSES
250
_a
2ND
260
_b
JAYPEE
_a
DELHI
_c
2013
300
_a
229
650
_a
PSYCHOLOGY
942
_2
ddc
_c
BK
_0
25
999
_c
2066
_d
2066